| 000 | 01549nam0a2200313 4500 | ||
|---|---|---|---|
| 001 | RU\NLR\ONL2\27624 | ||
| 005 | 20250806204101.0 | ||
| 035 | _a(NLR Aleph) 010214578 | ||
| 090 |
_a82353 _c82353 |
||
| 100 | _a20130817d1941 u y0rusy50 ca | ||
| 101 | 0 | _aaze | |
| 102 | _aAZ | ||
| 105 | _ay ||||||||| | ||
| 200 | 1 |
_aАзәрбаjҹанҹа органик кимjа терминолоҝиjасынын принципләри hаггында _e(Женева конгресси гәрарләрынын әлавәси илә) _fҸ. Зүлфүгарлы, кимjа елм. канд. _gред. кимjа ели. канд. Ю. Мамедалиев _gАзәрб. Дөвләт Гиjаби Педагожи ин-ту |
|
| 210 |
_aБакы _cАзәрб. ССР ХМК нәшри _d1941 |
||
| 215 |
_a69,[2] с. _d20 |
||
| 541 | 1 |
_aО принципах азербайджанской терминологии по органической химии _zrus |
|
| 606 | 1 |
_aОрганическая химия _jТезаурусы _2nlr_sh1 _2nlr_sh2 _3RU\NLR\AUTH\6687223 |
|
| 686 | 1 | _aГ2 в4 | |
| 700 | 1 |
_aЗүлфүгарлы _bҸ. И. _gҸүмшүд Исмаjыл оғлу _4070 |
|
| 790 | 1 |
_aЗульфугарлы _bД.И. _f1905- _gДжумшуд Исмайлович _4070 |
|
| 801 | 0 |
_aRU _bNLR _c20130817 _gPSBO |
|
| 852 |
_aNLR _bОНЛ _jАзерб./2-2734 |
||
| 942 | _cBOOK | ||
| 945 | _aРоссийская национальная библиотека | ||
| 980 | _aBV | ||
| 980 | _aONL_RF | ||